000
00315nam a2200121Ia 4500
008
190902s9999||||xx |||||||||||||| ||und||
020
_a
1-55860-596-7
100
_a
Donald R. H. Byrd
245
0
_a
React Interact Situations for Communication
260
_a
India
_b
The McGraw-Hill
_c
1991
300
_a
144
942
_c
BK
999
_c
2782
_d
2782